Co wybierasz? Część 2 - Statystyki

Ogólne statystyki
  • Ten quiz został rozwiązany 35 razy
    9 od ostatniego zresetowania
  • Średni wynik to 9 z 15
Statystyki odpowiedzi
Zagadnienie Odpowiedź % Poprawnych
Czy grasz, grałeś/grałaś w serię Need For Speed? Tak
100%
Czy jesteś mądry/mądra? Tak
100%
Czy kiedyś zdobyłeś/zdobyłaś jakieś pieniądze z zdrapki? Tak
100%
Czy znasz wszystkie województwa Polski? Znam
100%
Czy lubisz Historię? Lubię
67%
Czy byłeś/byłaś w Tatrach? Tak
67%
Czy lubisz rysować? Tak
67%
Czy lubisz koty? Tak
67%
Czy lubisz psy? Tak
67%
Czy lubisz chodzić na podwórko gdy jest noc? Tak
67%
Czy lubisz Matematykę? Lubię
33%
Czy masz Duolingo? Mam
33%
Czy wierzysz w Świętego Mikołaja? Wierzę
33%
Czy znasz wszystkie państwa świata? Znam
33%
Czy umiesz mówić po Niemiecku? Umiem
0%
Nie znaleziono quizów pasujących do podanych kryteriów
Rozkład punktacji
Procent ludzi z każdym wynikiem
Percentyl według liczby udzielonych odpowiedzi
Twoja historia wyników
Nie rozwiązałeś tego quizu od ostatniego zresetowania